Loading...
Principles of corporate finance /
| Main Author: | |
|---|---|
| Format: | Printed Book |
| Language: | English |
| Published: |
Ohio :
South Western,
1998.
|
| LEADER | 00497nam a22001457a 4500 | ||
|---|---|---|---|
| 008 | 160817b xxu||||| |||| 00| 0 eng d | ||
| 999 | |c 158249 |d 158249 | ||
| 020 | |a 9789814040310 | ||
| 082 | |a 658.14 | ||
| 100 | |a Levy, Haim | ||
| 245 | |a Principles of corporate finance / |c Haim Levy | ||
| 260 | |b South Western, |c 1998. |a Ohio : | ||
| 300 | |a xxviii, 871 p. | ||
| 942 | |c BK | ||
| 952 | |0 0 |1 0 |4 0 |6 658_140000000000000_LEV_H |7 0 |9 171938 |a CMS |b CMS |c ST1 |d 2016-08-17 |i 7973 |l 0 |o 658.14 LEV/H |p CMS7973 |r 2016-08-17 |w 2018-08-23 |y BK | ||